[Event "ch-USA w 2014"]
[Site "Saint Louis USA"]
[Date "2014.05.08"]
[Round "1.4"]
[White "Foisor, S."]
[Black "Baginskaite, C."]
[Result "1-0"]
[WhiteElo "2238"]
[BlackElo "2267"]
[PlyCount "67"]
[EventDate "2014.05.08"]

1. d4 Nf6 2. c4 e6 3. Nc3 Bb4 4. Qc2 O-O 5. Nf3 d5 6. Bg5 h6 7. Bh4 c5 8. e3
cxd4 9. exd4 dxc4 10. Bxc4 Nbd7 11. O-O Nb6 12. Bb3 Be7 13. Rad1 Nfd5 14. Bg3
Bd7 15. Qd3 Nb4 16. Qe2 Bc6 17. a3 Bd5 18. Nxd5 N4xd5 19. Ne5 Nd7 20. Rfe1 N7f6
21. f4 Qb6 22. Rd3 Rfd8 23. f5 exf5 24. Nxf7 Re8 25. Qf3 Kxf7 26. Bxd5+ Kf8 27.
Bxb7 Rab8 28. Bc6 Qxb2 29. Bxe8 Rxe8 30. Qxf5 Bxa3 31. Rxe8+ Kxe8 32. h3 Kf7
33. Be5 Be7 34. Rg3 1-0

[Event "ch-USA w 2014"]
[Site "Saint Louis USA"]
[Date "2014.05.08"]
[Round "1.5"]
[White "Ni, V."]
[Black "Eswaran, Ashritha"]
[Result "0-1"]
[WhiteElo "2206"]
[BlackElo "1979"]
[PlyCount "166"]
[EventDate "2014.05.08"]

1. d4 Nf6 2. Nf3 e6 3. Bg5 Be7 4. e3 d5 5. c4 c6 6. Nc3 Nbd7 7. Qc2 b6 8. Bd3
Bb7 9. O-O O-O 10. cxd5 exd5 11. Ne5 h6 12. Nxd7 Nxd7 13. Bf4 Re8 14. Bf5 Bf6
15. Rfd1 Nf8 16. e4 Ne6 17. Bxe6 Rxe6 18. e5 Bg5 19. Bg3 Bh4 20. f4 Bxg3 21.
hxg3 Rg6 22. Kh2 Qd7 23. Rf1 Qg4 24. Rf3 Bc8 25. f5 Rg5 26. Ne2 Bxf5 27. Qxc6
Rc8 28. Qxd5 Qh5+ 29. Kg1 Bg4 30. Rc3 Rxc3 31. Nf4 Rxg3 32. Nxh5 Bxh5 33. Rf1
Bg6 34. Qa8+ Kh7 35. e6 fxe6 36. Rf8 Rxg2+ 37. Qxg2 Rxg2+ 38. Kxg2 Be4+ 39. Kg3
Bd5 40. b3 Kg6 41. Kf4 Kh5 42. Kg3 Kg6 43. Kg4 Be4 44. Rd8 Bb1 45. a3 Bc2 46.
b4 b5 47. Rd7 h5+ 48. Kg3 Kf6 49. Rxa7 g5 50. Ra5 Ba4 51. Ra6 Bb3 52. Rc6 h4+
53. Kh3 Bc4 54. Rc5 Kg6 55. Re5 Kh5 56. a4 bxa4 57. b5 a3 58. b6 a2 59. Ra5 Bd5
60. Kh2 g4 61. Ra3 Kg5 62. Ra5 Kh5 63. Ra3 g3+ 64. Kh3 Kg5 65. Ra5 Kh5 66. Ra3
Kg5 67. Ra5 Kh5 68. Ra3 Kg5 69. Ra5 Kh5 70. Ra3 e5 71. dxe5 Bc4 72. Kg2 Kg4 73.
b7 Bd5+ 74. Kf1 Bxb7 75. Ra4+ Kf3 76. Rxa2 h3 77. Kg1 Bd5 78. Rd2 Bc4 79. Rc2
Be2 80. Rc3+ Kg4 81. e6 h2+ 82. Kg2 Bf1+ 83. Kh1 Kh3 0-1

[Event "ch-USA w 2014"]
[Site "Saint Louis USA"]
[Date "2014.05.09"]
[Round "2.4"]
[White "Nemcova, Kat"]
[Black "Zenyuk, I."]
[Result "1/2-1/2"]
[WhiteElo "2282"]
[BlackElo "2249"]
[PlyCount "76"]
[EventDate "2014.05.08"]

1. e4 c5 2. Nf3 Nc6 3. d4 cxd4 4. Nxd4 g6 5. Nc3 Bg7 6. Be3 Nf6 7. Bc4 O-O 8.
Bb3 Qa5 9. f3 e6 10. Qd2 d5 11. exd5 Nxd5 12. Nxd5 Qxd2+ 13. Kxd2 exd5 14. c3
Be6 15. Rhe1 Na5 16. Re2 a6 17. h4 h5 18. Rae1 Rfe8 19. Bf2 Bxd4 20. Bxd4 Nxb3+
21. axb3 Bd7 22. Re7 Rxe7 23. Rxe7 Bc6 24. Kd3 Kf8 25. Bc5 Kg7 26. Kd4 Kf6 27.
Re5 Kg7 28. Re7 Kf6 29. Re3 Kg7 30. Bb6 Kf6 31. Re5 Rc8 32. Bc5 Kg7 33. Re7 Kf6
34. Re3 Kg7 35. Bb6 Kf6 36. Bc5 Kg7 37. Bb6 Kf6 38. Bc5 Kg7 1/2-1/2

[Event "ch-USA w 2014"]
[Site "Saint Louis USA"]
[Date "2014.05.09"]
[Round "2.5"]
[White "Baginskaite, C."]
[Black "Ni, V."]
[Result "1/2-1/2"]
[WhiteElo "2267"]
[BlackElo "2206"]
[PlyCount "121"]
[EventDate "2014.05.08"]

1. d4 Nf6 2. c4 c5 3. d5 e5 4. Nc3 d6 5. e4 Be7 6. Bd3 Nbd7 7. h3 O-O 8. Nf3
Ne8 9. g4 g6 10. Bh6 Ng7 11. Qd2 Nf6 12. O-O-O a6 13. Rdg1 b5 14. Ne1 Rb8 15.
Ng2 bxc4 16. Bxc4 Rb4 17. Ne3 Bd7 18. a3 Rb8 19. Nf5 Nxf5 20. gxf5 Bb5 21. Ba2
Re8 22. f4 Bf8 23. Bxf8 Kxf8 24. fxg6 hxg6 25. f5 gxf5 26. Qh6+ Ke7 27. Rg7 Rh8
28. Qg6 Qf8 29. exf5 Qxg7 30. Qxg7 Rbg8 31. Qxh8 Rxh8 32. Nd1 Ne4 33. Bb1 Ng3
34. Rh2 Ne2+ 35. Kd2 Nf4 36. Ne3 Rxh3 37. Rxh3 Nxh3 38. Ng4 Nf4 39. Be4 Bc4 40.
f6+ Ke8 41. Ne3 Bb5 42. a4 Bxa4 43. Nc4 Bb3 44. Nxd6+ Kf8 45. Nb7 Bxd5 46. Bxd5
Nxd5 47. Nxc5 Nxf6 48. Nxa6 Ke7 49. b4 Kd6 50. Ke3 Kc6 51. Nc5 Nd7 52. Nd3 Kd5
53. b5 f6 54. Nf2 Nc5 55. Ng4 f5 56. Nf6+ Kc4 57. b6 Kb5 58. Nd5 Ka6 59. Ne7
f4+ 60. Kf3 Kxb6 61. Ng6 1/2-1/2

[Event "ch-USA w 2014"]
[Site "Saint Louis USA"]
[Date "2014.05.10"]
[Round "3.3"]
[White "Abrahamyan, T."]
[Black "Nemcova, Kat"]
[Result "1-0"]
[WhiteElo "2366"]
[BlackElo "2282"]
[PlyCount "93"]
[EventDate "2014.05.08"]

1. e4 e5 2. Nf3 Nc6 3. Bc4 Bc5 4. c3 d6 5. d4 exd4 6. cxd4 Bb6 7. d5 Nce7 8. h3
Nf6 9. Nc3 O-O 10. O-O Ng6 11. Nd4 Re8 12. Re1 Bd7 13. a4 a6 14. a5 Ba7 15. Bf1
h6 16. Nc2 Re7 17. Bd3 Qf8 18. Be3 Bxe3 19. Rxe3 Rae8 20. Nd4 Nf4 21. Qd2 g5
22. Rae1 Qg7 23. Nde2 N6h5 24. Nxf4 Nxf4 25. Bf1 Re5 26. b4 f5 27. exf5 Bxf5
28. b5 axb5 29. Nxb5 Qd7 30. Rxe5 Rxe5 31. Rxe5 dxe5 32. Qc3 c6 33. dxc6 bxc6
34. Na3 Qd1 35. Qc4+ Kg7 36. Kh2 Be6 37. Qa6 e4 38. Qa7+ Kg6 39. Qa6 Qd6 40.
Nc4 Bxc4 41. Qxc4 e3 42. Qe4+ Kg7 43. Qxe3 c5 44. g3 Ng6 45. a6 Qc7 46. Qa3 Qa7
47. Qb2+ 1-0

[Event "ch-USA w 2014"]
[Site "Saint Louis USA"]
[Date "2014.05.10"]
[Round "3.4"]
[White "Eswaran, Ashritha"]
[Black "Baginskaite, C."]
[Result "1-0"]
[WhiteElo "1979"]
[BlackElo "2267"]
[PlyCount "123"]
[EventDate "2014.05.08"]

1. e4 c5 2. Nf3 d6 3. d4 cxd4 4. Nxd4 Nf6 5. Nc3 a6 6. Be2 e5 7. Nb3 Be7 8. O-O
O-O 9. Re1 Be6 10. Bf3 b5 11. a4 b4 12. Nd5 Bxd5 13. exd5 a5 14. Qd3 Na6 15.
Bd2 Nd7 16. c3 Nac5 17. Nxc5 Nxc5 18. Qc4 Bg5 19. Bxg5 Qxg5 20. cxb4 axb4 21.
Be2 Rfb8 22. b3 f5 23. Qc2 Ne4 24. Bc4 Ra5 25. Rac1 Rc5 26. Re3 g6 27. Ra1 Qd8
28. Kh1 Qb6 29. g4 Rc7 30. gxf5 gxf5 31. Rf3 Rf8 32. Rg1+ Rg7 33. Rxg7+ Kxg7
34. Bd3 Rf6 35. Bxe4 fxe4 36. Qxe4 Rxf3 37. Qg4+ Kh6 38. Qxf3 Qc7 39. Qh3+ Kg5
40. Qg3+ Kf6 41. Qh4+ Kf5 42. Kg2 e4 43. Qg3 Qc5 44. Qh4 Ke5 45. Qxh7 Kxd5 46.
h4 Kd4 47. Qg6 Qd5 48. Qg7+ Kd3 49. Qg3+ Kc2 50. Qe3 Qe5 51. Qg5 Qd4 52. h5
Kxb3 53. h6 Kc2 54. Qg7 Qd5 55. h7 e3+ 56. Kg3 e2 57. h8=Q e1=Q 58. Qb2+ Kd3
59. Qh7+ Qde4 60. Qb3+ Kd4 61. Qxe4+ Qxe4 62. Qxb4+ 1-0

[Event "ch-USA w 2014"]
[Site "Saint Louis USA"]
[Date "2014.05.12"]
[Round "4.3"]
[White "Zenyuk, I."]
[Black "Abrahamyan, T."]
[Result "1/2-1/2"]
[WhiteElo "2249"]
[BlackElo "2366"]
[PlyCount "110"]
[EventDate "2014.05.08"]

1. Nf3 c5 2. c4 Nc6 3. d4 cxd4 4. Nxd4 Nf6 5. Nc3 e6 6. a3 Bc5 7. Nb3 Be7 8. e4
O-O 9. Be2 d6 10. O-O b6 11. Bf4 Ba6 12. Bg3 Ne5 13. Nd2 Rc8 14. Qa4 Bb7 15.
Rad1 a6 16. h3 Qc7 17. f4 Ned7 18. Kh2 Bc6 19. Qc2 b5 20. Qb1 bxc4 21. Nxc4 Nc5
22. e5 dxe5 23. Nxe5 Bb7 24. b4 Nce4 25. Nxe4 Bxe4 26. Bd3 Bxd3 27. Qxd3 Qb7
28. Qf3 Qb5 29. f5 exf5 30. Qxf5 Rc3 31. Rf3 Rfc8 32. Rdd3 Rc2 33. Nd7 Qxf5 34.
Rxf5 Ne4 35. Re5 Nxg3 36. Rxe7 Nf5 37. Re4 h5 38. Rd5 Rf2 39. Nc5 g6 40. Rde5
Ra2 41. Re8+ Rxe8 42. Rxe8+ Kg7 43. Nxa6 Rxa3 44. Nc5 Ra2 45. Re4 g5 46. Re5
Kg6 47. Ne4 Rb2 48. Rb5 g4 49. Rb6+ Kg7 50. hxg4 hxg4 51. Ng3 Ne3 52. Nh5+ Kf8
53. Nf4 Rb1 54. Kg3 Rb3 55. Kh4 Ke7 1/2-1/2

[Event "ch-USA w 2014"]
[Site "Saint Louis USA"]
[Date "2014.05.12"]
[Round "4.4"]
[White "Melekhina, A."]
[Black "Eswaran, Ashritha"]
[Result "1/2-1/2"]
[WhiteElo "2151"]
[BlackElo "1979"]
[PlyCount "120"]
[EventDate "2014.05.08"]

1. e4 c5 2. Nc3 Nc6 3. f4 g6 4. Nf3 Bg7 5. a3 e6 6. b4 d6 7. bxc5 dxc5 8. e5 f6
9. Bb5 Nge7 10. exf6 Bxf6 11. O-O O-O 12. Rb1 a6 13. Bd3 Nd5 14. Nxd5 exd5 15.
c4 dxc4 16. Bxc4+ Kg7 17. d3 b5 18. Bb3 Bf5 19. Bc2 c4 20. Ne1 Nd4 21. Bb2 Nxc2
22. Qxc2 cxd3 23. Qd2 Re8 24. Rf2 Bxb2 25. Qxb2+ Qf6 26. Qxf6+ Kxf6 27. Rd1 Bg4
28. Nf3 Re3 29. Rfd2 Bxf3 30. gxf3 Kf5 31. Rxd3 Rxd3 32. Rxd3 Kxf4 33. Kf2 Rc8
34. Rd4+ Ke5 35. Rd3 Rc4 36. Kg3 a5 37. Rd7 Rc3 38. Rb7 Rb3 39. Kg4 b4 40. f4+
Kd4 41. axb4 axb4 42. Rxh7 Rb1 43. Rd7+ Kc3 44. Rc7+ Kb2 45. Kg5 Rg1+ 46. Kf6
Rg4 47. Ke5 b3 48. Rc6 Kb1 49. h4 b2 50. Rb6 Rg3 51. f5 gxf5 52. Kxf5 Kc2 53.
Rxb2+ Kxb2 54. h5 Rh3 55. Kg6 Kc3 56. h6 Kd4 57. h7 Ke5 58. Kg7 Rg3+ 59. Kf7
Rf3+ 60. Kg7 Rg3+ 1/2-1/2

[Event "ch-USA w 2014"]
[Site "Saint Louis USA"]
[Date "2014.05.12"]
[Round "4.5"]
[White "Nemcova, Kat"]
[Black "Foisor, S."]
[Result "1-0"]
[WhiteElo "2282"]
[BlackElo "2238"]
[PlyCount "57"]
[EventDate "2014.05.08"]

1. e4 g6 2. d4 Bg7 3. Nc3 d5 4. exd5 Nf6 5. Bc4 Nbd7 6. Bg5 Nb6 7. Bxf6 Bxf6 8.
Bb3 a5 9. a4 O-O 10. Nge2 Bg4 11. f3 Bf5 12. O-O h5 13. Qd2 Qd7 14. Rad1 Rfd8
15. Qf4 Rac8 16. Kh1 Kg7 17. Ng3 Rb8 18. Nge4 c6 19. d6 g5 20. Nxg5 exd6 21.
Nxf7 d5 22. Nxd8 Rxd8 23. g4 Bg6 24. gxh5 Bxh5 25. Rg1+ Bg6 26. Ne4 dxe4 27.
Rxg6+ Kxg6 28. Rg1+ Kh7 29. Qxf6 1-0

[Event "ch-USA w 2014"]
[Site "Saint Louis USA"]
[Date "2014.05.13"]
[Round "5.4"]
[White "Ni, V."]
[Black "Nemcova, Kat"]
[Result "1/2-1/2"]
[WhiteElo "2206"]
[BlackElo "2282"]
[PlyCount "100"]
[EventDate "2014.05.08"]

1. Nf3 Nf6 2. c4 e6 3. g3 b6 4. Bg2 Bb7 5. O-O Be7 6. d4 O-O 7. d5 exd5 8. Nh4
c6 9. cxd5 Nxd5 10. Nf5 Nf6 11. e4 d5 12. e5 Ne8 13. Qg4 Nd7 14. Re1 Nc5 15. b4
Ne6 16. b5 Kh8 17. bxc6 Bxc6 18. Nxe7 Qxe7 19. Ba3 Nc5 20. Nc3 Nc7 21. Rad1
Rad8 22. f4 f5 23. exf6 Qxf6 24. Re5 Bd7 25. Qe2 Qg6 26. Rg5 Qf6 27. Nxd5 Bb5
28. Qe5 Nxd5 29. Bxc5 Nxf4 30. Rxd8 Rxd8 31. gxf4 bxc5 32. Qxf6 gxf6 33. Rxc5
a6 34. Bd5 Re8 35. Kf2 Re2+ 36. Kg3 Kg7 37. Rc7+ Kg6 38. Bb3 Re3+ 39. Kf2 Re2+
40. Kg3 Bd3 41. Bg8 Kh6 42. Bd5 Re3+ 43. Kf2 Rh3 44. Kg2 Re3 45. Kf2 Re2+ 46.
Kg3 Rd2 47. Rc6 Kg7 48. Rc7+ Kh6 49. Rc6 Kg7 50. Rc7+ Kh6 1/2-1/2

[Event "ch-USA w 2014"]
[Site "Saint Louis USA"]
[Date "2014.05.14"]
[Round "6.3"]
[White "Abrahamyan, T."]
[Black "Foisor, S."]
[Result "1-0"]
[WhiteElo "2366"]
[BlackElo "2238"]
[PlyCount "75"]
[EventDate "2014.05.08"]

1. e4 e5 2. Nf3 Nc6 3. Bc4 Bc5 4. c3 Nf6 5. d4 exd4 6. cxd4 Bb4+ 7. Nbd2 d5 8.
exd5 Nxd5 9. O-O O-O 10. a3 Be7 11. Ba2 Bf5 12. Nc4 Bf6 13. Nce5 Nce7 14. Qb3
Qc8 15. Re1 c6 16. Bg5 Bxg5 17. Nxg5 f6 18. Nef3 Ng6 19. Ne4 Bxe4 20. Rxe4 Kh8
21. Rae1 Qd7 22. Bb1 Rad8 23. h3 Ndf4 24. Qe3 Qd6 25. g3 Nd5 26. Qd3 Kg8 27.
Re6 Qd7 28. Nh4 f5 29. Nxf5 Qf7 30. Qe2 Nc7 31. Ne7+ Nxe7 32. Rxe7 Qxe7 33.
Qxe7 Rde8 34. Qb4 Nd5 35. Rxe8 Rxe8 36. Ba2 Kh8 37. Bxd5 cxd5 38. Qxb7 1-0

[Event "ch-USA w 2014"]
[Site "Saint Louis USA"]
[Date "2014.05.14"]
[Round "6.4"]
[White "Nemcova, Kat"]
[Black "Eswaran, Ashritha"]
[Result "1-0"]
[WhiteElo "2282"]
[BlackElo "1979"]
[PlyCount "107"]
[EventDate "2014.05.08"]

1. c4 e5 2. Nc3 Nf6 3. g3 d5 4. cxd5 Nxd5 5. Bg2 Nb6 6. Nf3 Nc6 7. O-O Be7 8.
a3 O-O 9. b4 Be6 10. Rb1 f6 11. d3 a5 12. b5 Nd4 13. Bb2 Bb3 14. Qc1 Bd5 15.
Nxd4 Bxg2 16. Ne6 Qc8 17. Nxc7 Qxc7 18. Kxg2 Rfc8 19. Qe3 Bc5 20. Qf3 Qd7 21.
Rfc1 Bd4 22. h4 Bxc3 23. Bxc3 Nd5 24. Bd2 Rxc1 25. Rxc1 Qxb5 26. h5 Kf7 27. Qe4
g6 28. a4 Qd7 29. Rc5 Ne7 30. Bxa5 Nc6 31. Bc3 Qf5 32. Qc4+ Qe6 33. Qb5 Qe7 34.
Qc4+ Qe6 35. Qb5 Qe7 36. a5 Kg7 37. Rc4 Qc7 38. Qd5 Qf7 39. h6+ Kg8 40. Qb5 Qc7
41. Rc5 Qe7 42. e4 Kf7 43. Qb3+ Kf8 44. Rb5 Ra7 45. Bb4 Nxb4 46. Rxb4 Qf7 47.
Qc3 Ra8 48. Rc4 Re8 49. Rc7 Re7 50. Qb4 Qe6 51. Rxb7 Kf7 52. Rxe7+ Qxe7 53.
Qxe7+ Kxe7 54. a6 1-0

[Event "ch-USA w 2014"]
[Site "Saint Louis USA"]
[Date "2014.05.14"]
[Round "6.5"]
[White "Zenyuk, I."]
[Black "Ni, V."]
[Result "1-0"]
[WhiteElo "2249"]
[BlackElo "2206"]
[PlyCount "83"]
[EventDate "2014.05.08"]

1. d4 d6 2. Nf3 g6 3. c4 Bg7 4. e4 Bg4 5. Be2 Nc6 6. Be3 Bxf3 7. Bxf3 e5 8. d5
Nd4 9. Nc3 Ne7 10. g3 O-O 11. Bg2 c5 12. dxc6 bxc6 13. O-O Rb8 14. Rb1 c5 15.
a3 Qc7 16. Qa4 a6 17. Kh1 Rb6 18. Rfc1 Nb3 19. Rd1 Nd4 20. Bf1 Qc6 21. b4 Rfb8
22. b5 axb5 23. cxb5 Qb7 24. Qc4 Nc2 25. Bc1 Nf5 26. Nd5 Nfd4 27. Nxb6 Qxb6 28.
Bd3 d5 29. exd5 Qf6 30. Bxc2 Qf3+ 31. Kg1 Ne2+ 32. Kf1 Nc3 33. Ke1 e4 34. Be3
Rd8 35. Rb3 Nxd1 36. Bxd1 Qh1+ 37. Kd2 Qxh2 38. Qxe4 Qh3 39. Be2 Qc8 40. b6 f5
41. Qc4 Qb7 42. Bf3 1-0

[Event "ch-USA w 2014"]
[Site "Saint Louis USA"]
[Date "2014.05.16"]
[Round "7.3"]
[White "Ni, Viktorija"]
[Black "Abrahamyan, Tatev"]
[Result "1/2-1/2"]
[WhiteElo "2302"]
[BlackElo "2475"]
[PlyCount "93"]
[EventDate "2014.05.08"]

1. d4 Nf6 2. Nf3 e6 3. g3 c5 4. Bg2 cxd4 5. Nxd4 Nc6 6. O-O d5 7. c4 e5 8. Nxc6
bxc6 9. cxd5 Nxd5 10. Qa4 Bd7 11. Nc3 Be7 12. Nxd5 cxd5 13. Qb3 Bc6 14. Rd1 O-O
15. Bxd5 Bxd5 16. Rxd5 Qc7 17. Be3 Rab8 18. Qd3 Bf6 19. Rc1 Qb7 20. b3 Rfd8 21.
Rxd8+ Rxd8 22. Qc4 h5 23. h3 a5 24. Qc5 Qa6 25. Qc4 Qb7 26. Qc6 Qb4 27. Bb6 Rb8
28. Bc7 Rc8 29. Qa6 Rf8 30. Qxa5 Qe4 31. Qb5 h4 32. Qc4 Qa8 33. b4 hxg3 34.
fxg3 Bg5 35. Rc3 Bd2 36. Rd3 Qa7+ 37. Kg2 Bxb4 38. Bxe5 Be1 39. Rf3 Re8 40. Bd4
Qb7 41. Kf1 Ba5 42. Bf2 Re6 43. a4 Qd7 44. Rd3 Qb7 45. Rf3 Qd7 46. Rd3 Qb7 47.
Rf3 1/2-1/2

[Event "ch-USA w 2014"]
[Site "Saint Louis USA"]
[Date "2014.05.16"]
[Round "7.4"]
[White "Eswaran, Ashritha"]
[Black "Zenyuk, Iryna"]
[Result "1-0"]
[WhiteElo "2231"]
[BlackElo "2352"]
[PlyCount "125"]
[EventDate "2014.05.08"]

1. Nf3 Nf6 2. g3 g6 3. Bg2 Bg7 4. O-O O-O 5. d4 d6 6. c4 c5 7. Nc3 Nc6 8. d5
Na5 9. Nd2 a6 10. Qc2 Rb8 11. Rb1 e5 12. e4 Nd7 13. a3 Qc7 14. f4 exf4 15. gxf4
b5 16. b3 bxc4 17. bxc4 Nb6 18. Ne2 Bg4 19. Bf3 Bh3 20. Re1 Bd7 21. Bb2 f6 22.
Nc1 Na4 23. Ba1 Rxb1 24. Qxb1 Nb6 25. Qc2 Bc8 26. Nd3 Nb7 27. Bc3 Kh8 28. e5
fxe5 29. fxe5 dxe5 30. Nxe5 Nd6 31. Nc6 Bxc3 32. Qxc3+ Qg7 33. Qe3 Nd7 34. Bg4
Nf5 35. Bxf5 gxf5+ 36. Kh1 f4 37. Qf3 Nf6 38. Re7 Qg5 39. Ne5 Bg4 40. Qg2 Kg8
41. h3 h5 42. hxg4 Nxg4 43. d6 Qh4+ 44. Kg1 Qe1+ 45. Nf1 Qd1 46. Qd5+ Qxd5 47.
cxd5 Nxe5 48. Rxe5 Rd8 49. Nd2 Rxd6 50. Rxh5 Rg6+ 51. Kf2 Rg3 52. Nf3 Kf7 53.
Rf5+ Ke7 54. Rxf4 Rg6 55. Rf5 Rb6 56. Nd2 Rb2 57. Ke3 Kd7 58. Rf7+ Kc8 59. Ra7
Rb6 60. Nc4 Rh6 61. d6 Rh4 62. d7+ Kd8 63. Ne5 1-0

[Event "ch-USA w 2014"]
[Site "Saint Louis USA"]
[Date "2014.05.16"]
[Round "7.5"]
[White "Baginskaite, Camilla"]
[Black "Nemcova, Katerina"]
[Result "0-1"]
[WhiteElo "2358"]
[BlackElo "2297"]
[PlyCount "28"]
[EventDate "2014.05.08"]

1. d4 Nf6 2. c4 e6 3. Nc3 Bb4 4. e3 O-O 5. Bd3 c5 6. Nge2 d5 7. cxd5 Nxd5 8.
O-O cxd4 9. exd4 Nc6 10. Nxd5 exd5 11. Nf4 Bd6 12. Re1 g6 13. Bc2 Be6 14. Be3
Qf6 0-1

[Event "ch-USA w 2014"]
[Site "Saint Louis USA"]
[Date "2014.05.17"]
[Round "8.2"]
[White "Abrahamyan, Tatev"]
[Black "Eswaran, Ashritha"]
[Result "1-0"]
[WhiteElo "2366"]
[BlackElo "1979"]
[PlyCount "141"]
[EventDate "2014.05.08"]

1. e4 c5 2. Nf3 Nc6 3. d4 cxd4 4. Nxd4 e5 5. Nb5 a6 6. Nd6+ Bxd6 7. Qxd6 Qe7 8.
Qd1 Nf6 9. Nc3 d6 10. Be3 O-O 11. Be2 b5 12. O-O Bb7 13. Qd2 Nd4 14. Bxd4 exd4
15. Qxd4 Nxe4 16. Rfe1 Nxc3 17. Qxc3 Qg5 18. Qg3 Qxg3 19. fxg3 Rfe8 20. Kf2 f6
21. c3 Kf7 22. a4 Bc6 23. Rad1 Re6 24. axb5 axb5 25. Rd4 Rae8 26. Rd2 Ra8 27.
Red1 Ke7 28. Rd4 f5 29. h4 g6 30. R1d2 Rd8 31. Bd3 Re5 32. Bc2 Be4 33. Bxe4
fxe4 34. Ke3 d5 35. Rb4 Rb8 36. b3 Kd6 37. Ra2 Rb6 38. Kd4 e3 39. Kd3 Kc5 40.
Re2 Rbe6 41. Rf4 Re7 42. b4+ Kb6 43. Rf3 Rc7 44. Rexe3 Rxe3+ 45. Rxe3 Rc4 46.
Re5 Kc6 47. Re6+ Kc7 48. Re7+ Kd6 49. Rxh7 Rg4 50. Rh6 Rxg3+ 51. Kd4 Rg4+ 52.
Ke3 Ke5 53. Kf3 Kf5 54. h5 Rf4+ 55. Ke3 g5 56. Rd6 Ke5 57. Rd8 Rc4 58. Re8+ Kf5
59. Kd3 Rh4 60. Rf8+ Ke5 61. Rh8 Rg4 62. h6 Kf6 63. Rb8 Rh4 64. Rxb5 Ke6 65.
Rb7 Rg4 66. h7 Rh4 67. g3 Rh3 68. Kd4 Kd6 69. Rg7 g4 70. b5 Rh1 71. b6 1-0

[Event "ch-USA w 2014"]
[Site "Saint Louis USA"]
[Date "2014.05.17"]
[Round "8.4"]
[White "Zenyuk, Iryna"]
[Black "Baginskaite, Camilla"]
[Result "1/2-1/2"]
[WhiteElo "2249"]
[BlackElo "2267"]
[PlyCount "90"]
[EventDate "2014.05.08"]

1. d4 Nf6 2. Nf3 e6 3. c4 Bb4+ 4. Bd2 c5 5. Bxb4 cxb4 6. e3 b6 7. Bd3 Bb7 8.
Nbd2 O-O 9. Qc2 d5 10. b3 Nbd7 11. O-O Qc7 12. Rac1 Rac8 13. Rfe1 Rfd8 14. h3
Qb8 15. Qb1 h6 16. Bc2 e5 17. Bf5 exd4 18. exd4 Qd6 19. Ne5 Rc7 20. Ndf3 Nf8
21. Qb2 Ne4 22. cxd5 Nc3 23. Nc6 Bxc6 24. dxc6 Rxc6 25. Re3 Nd5 26. Rxc6 Qxc6
27. Ne5 Qd6 28. Nc4 Qc7 29. Rf3 Nd7 30. Qe2 N7f6 31. Qe5 b5 32. Ne3 Re8 33.
Qxc7 Nxc7 34. Bd3 Rd8 35. Nc2 Nfd5 36. Rf5 Re8 37. Kf1 a6 38. Re5 Rd8 39. Be4
Kf8 40. Bf3 f6 41. Re1 a5 42. a3 bxa3 43. Nxa3 Nc3 44. Rc1 b4 45. Nc4 a4
1/2-1/2

[Event "ch-USA w 2014"]
[Site "Saint Louis USA"]
[Date "2014.05.17"]
[Round "8.5"]
[White "Foisor, Sabina-Francesca"]
[Black "Ni, Viktorija"]
[Result "0-1"]
[WhiteElo "2238"]
[BlackElo "2206"]
[PlyCount "103"]
[EventDate "2014.05.08"]

1. d4 Nf6 2. c4 d6 3. Nf3 Nbd7 4. Nc3 e5 5. e3 g6 6. Be2 Bg7 7. Qc2 O-O 8. b3
Re8 9. Ba3 exd4 10. exd4 Nf8 11. O-O Bf5 12. Bd3 Bg4 13. Nd2 Ne6 14. d5 Nd4 15.
Qb1 Nh5 16. Bb2 Nf4 17. f3 Bh3 18. g3 Nxd3 19. Qxd3 Bxf1 20. Kxf1 Ne2 21. Nde4
Nxc3 22. Bxc3 f5 23. Bxg7 Kxg7 24. Qd4+ Kf7 25. Nf2 Qf6 26. Qxf6+ Kxf6 27. Re1
Rxe1+ 28. Kxe1 Ke5 29. Kd2 Kd4 30. Nd3 g5 31. Nb4 a5 32. Nc2+ Ke5 33. Kd3 c6
34. dxc6 bxc6 35. Ne1 h5 36. Kc3 c5 37. Nd3+ Kf6 38. Kd2 h4 39. g4 fxg4 40.
fxg4 a4 41. b4 cxb4 42. Nxb4 Rb8 43. Kc3 Ke6 44. a3 Rf8 45. Nd3 Rf3 46. Kd4 Rh3
47. c5 Rxh2 48. c6 Rd2 49. Kc4 Rxd3 50. Kxd3 h3 51. Kc4 h2 52. Kd4 0-1

[Event "ch-USA w 2014"]
[Site "Saint Louis USA"]
[Date "2014.05.19"]
[Round "9"]
[White "Baginskaite, C."]
[Black "Abrahamyan, T."]
[Result "0-1"]
[WhiteElo "2267"]
[BlackElo "2366"]
[PlyCount "92"]
[EventDate "2014.05.07"]

1. d4 Nf6 2. c4 e6 3. Nc3 Bb4 4. e3 O-O 5. Nge2 d5 6. a3 Be7 7. Nf4 c6 8. Be2
Na6 9. O-O Nc7 10. b3 a5 11. Bb2 b6 12. Qc2 Bd6 13. Nd3 Na6 14. Na4 Qc7 15. h3
Ne4 16. Rac1 c5 17. Nc3 Nxc3 18. Qxc3 f6 19. Bf3 Bb7 20. cxd5 exd5 21. Rc2 a4
22. b4 c4 23. Nc1 f5 24. Ne2 Qd7 25. Qd2 Nc7 26. Nc3 Qf7 27. Bc1 Ne8 28. g3 Nf6
29. Bg2 Ne4 30. Nxe4 fxe4 31. f4 exf3 32. Rxf3 Qg6 33. g4 Rxf3 34. Bxf3 Rf8 35.
Bg2 h5 36. Qe2 hxg4 37. hxg4 Bg3 38. e4 Bf2+ 39. Qxf2 Rxf2 40. Rxf2 Qxg4 41.
Be3 dxe4 42. Kh2 Qh4+ 43. Kg1 Qg3 44. Re2 c3 45. Kf1 Ba6 46. Bxe4 Qxe3 0-1

[Event "ch-USA w 2014"]
[Site "Saint Louis USA"]
[Date "2014.05.19"]
[Round "9"]
[White "Eswaran, Ashritha"]
[Black "Foisor, S."]
[Result "0-1"]
[WhiteElo "1979"]
[BlackElo "2238"]
[PlyCount "80"]
[EventDate "2014.05.07"]

1. Nf3 g6 2. c4 Bg7 3. d4 d6 4. g3 Nd7 5. Bg2 e5 6. Nc3 Ne7 7. O-O O-O 8. dxe5
dxe5 9. Qc2 c6 10. Rd1 h6 11. b3 f5 12. e4 Qe8 13. Ba3 Rf7 14. Bh3 Nf8 15. Bd6
fxe4 16. Bxc8 exf3 17. Bh3 Nf5 18. Qe4 Ne6 19. Bxf5 Rxf5 20. h4 Qf7 21. Rd3 g5
22. h5 Nd4 23. Bc5 b6 24. Bxd4 exd4 25. Nb5 Re8 26. Qxc6 Rf6 27. Nd6 Rf8 28.
Re1 Qxh5 29. Qd7 g4 30. Re7 Rg6 31. Rf7 Rxf7 32. Qxf7+ Kh7 33. Nf5 Qg5 34. Nh4
Rf6 35. Qd7 Qc1+ 36. Kh2 Qe1 37. Qxd4 Re6 38. Qxg4 Qxf2+ 39. Kh3 Qf1+ 40. Kh2
Re2+ 0-1

[Event "ch-USA TB Armageddon w 2014"]
[Site "Saint Louis USA"]
[Date "2014.05.20"]
[Round "12.1"]
[White "Zatonskih, Anna (USA)"]
[Black "Abrahamyan, Tatev (USA)"]
[Result "1/2-1/2"]
[WhiteElo "2469"]
[BlackElo "2366"]
[PlyCount "80"]
[EventDate "2014.05.20"]

1. d4 Nf6 2. c4 e6 3. Nc3 Bb4 4. Qc2 O-O 5. e4 d5 6. e5 Ne4 7. a3 Bxc3+ 8. bxc3
c5 9. Bd3 Qa5 10. Ne2 cxd4 11. cxd5 exd5 12. f3 Nc5 13. Bxh7+ Kh8 14. O-O dxc3
15. Nxc3 Be6 16. Nxd5 Bxd5 17. Qf5 Qb6 18. Qh3 Ne6+ 19. Kh1 Rd8 20. a4 Nf8 21.
Bf5+ Kg8 22. Rb1 Qa6 23. Bg5 Re8 24. Rfd1 Be6 25. Bf6 Bxf5 26. Qxf5 Qe6 27. Qg5
Ng6 28. Rd6 Qa2 29. Rbd1 gxf6 30. exf6 Qe2 31. h4 Qf2 32. R6d4 Nd7 33. h5 Re1+
34. Kh2 Qg1+ 35. Kg3 Rxd1 36. hxg6 Qe1+ 37. Kh2 Qg1+ 38. Kg3 Qe1+ 39. Kh2 Qg1+
40. Kg3 Qe1+ 1/2-1/2

[Event "ch-USA TB w 2014"]
[Site "Saint Louis USA"]
[Date "2014.05.20"]
[Round "13.1"]
[White "Krush, Irina (USA)"]
[Black "Abrahamyan, Tatev (USA)"]
[Result "1-0"]
[WhiteElo "2489"]
[BlackElo "2366"]
[PlyCount "151"]
[EventDate "2014.05.20"]

1. d4 Nf6 2. c4 e6 3. Nc3 Bb4 4. e3 O-O 5. Bd3 d5 6. Nf3 c5 7. O-O Nc6 8. cxd5
exd5 9. dxc5 Bg4 10. Na4 Qe7 11. a3 Ba5 12. b4 Bc7 13. Bb2 Rad8 14. Be2 Rfe8
15. b5 Na5 16. Qc2 Bb8 17. Bd4 Ne4 18. Nb2 Qe6 19. Rfe1 Qh6 20. g3 Re6 21. Nh4
Bh3 22. Bf1 Bxf1 23. Rxf1 g5 24. Nf5 Qh3 25. f3 Qxf5 26. fxe4 Qxe4 27. Qf2 Qg6
28. Rad1 Rde8 29. a4 Nb3 30. Nd3 Re4 31. c6 bxc6 32. bxc6 Rc8 33. Nb4 Qe6 34.
Qf6 Nxd4 35. Qxg5+ Kf8 36. Rxd4 Rxe3 37. Nxd5 Re2 38. Nf6 Be5 39. Rd7 Bxf6 40.
Qxf6 Qe3+ 41. Kh1 Qe4+ 42. Qf3 Qxf3+ 43. Rxf3 Rxc6 44. Rdxf7+ Kg8 45. Rf2 Re4
46. Rxa7 Re1+ 47. Kg2 Ra1 48. Rd2 Rc8 49. Rdd7 h5 50. Rg7+ Kf8 51. Rh7 Kg8 52.
Rxh5 Rc2+ 53. Kh3 Raa2 54. Kg4 Rc4+ 55. Kh3 Rcc2 56. Rg5+ Kf8 57. Rf5+ Kg8 58.
Kg4 Rc4+ 59. Kg5 Rxh2 60. Rb5 Rc8 61. Kg6 Kh8 62. g4 Rg8+ 63. Kf5 Rf2+ 64. Ke6
Rg6+ 65. Kd5 Rg5+ 66. Kc6 Rf6+ 67. Kb7 Rxg4 68. Ka8 Kg8 69. a5 Ra4 70. a6 Rf8+
71. Rb8 Rb4 72. Rab7 Ra4 73. Rxf8+ Kxf8 74. a7 Ke8 75. Kb8 Kd8 76. a8=Q 1-0